Problemas claves del desarrollo futuro y la integración y cooperación Latinoamericana /
Guardat en:
| Autor principal: | |
|---|---|
| Autor corporatiu: | , |
| Altres autors: | |
| Format: | Text |
| Publicat: |
Quito:
UNESCO
|
| Etiquetes: |
Afegir etiqueta
Sense etiquetes, Sigues el primer a etiquetar aquest registre!
|
MARC
| LEADER | 00000 a a2200000 04500 | ||
|---|---|---|---|
| 001 | 23076 | ||
| 003 | |||
| 040 | |||
| 090 | |a 159100 | ||
| 100 | |a Salgado Peñaherrera, Germanico | ||
| 110 | |a SELA | ||
| 245 | |a Problemas claves del desarrollo futuro y la integración y cooperación Latinoamericana / |c SELA | ||
| 260 | |a Quito: |b UNESCO | ||
| 300 | |a 145 p | ||
| 700 | |a King Vancni, Luis |a colab. |a Oquendo Benítez, Lelia |a colab. |a Santos Alvite, Eduardo |a colab | ||
| 710 | |a UNESCO |a CAF | ||
| 999 | |c 6267 |d 6267 | ||
